Psychology for teachers and students (Record no. 77125)

MARC details
000 -LEADER
fixed length control field 01182nam a2200241 a 4500
008 - FIXED-LENGTH DATA ELEMENTS--GENERAL INFORMATION
fixed length control field 120416s1981 ||||||||||||||||| || u
020 ## - INTERNATIONAL STANDARD BOOK NUMBER
International Standard Book Number 0070718709
050 ## - LIBRARY OF CONGRESS CALL NUMBER
Classification number LB 1033 Wor
100 ## - MAIN ENTRY--PERSONAL NAME
Personal name Worell, Judith
245 10 - TITLE STATEMENT
Title Psychology for teachers and students
260 ## - PUBLICATION, DISTRIBUTION, ETC.
Place of publication, distribution, etc. New York
Name of publisher, distributor, etc. McGraw-Hill
Date of publication, distribution, etc. 1981
300 ## - PHYSICAL DESCRIPTION
Extent xiii, 698p. : ill.
350 ## -
-- 0.00
500 ## - GENERAL NOTE
General note Bibliography.
650 ## - SUBJECT ADDED ENTRY--TOPICAL TERM
Topical term or geographic name entry element STUDENTS--PSYCHOLOGY
650 #0 - SUBJECT ADDED ENTRY--TOPICAL TERM
Topical term or geographic name entry element TEACHER-STUDENT RELATIONSHIPS
650 ## - SUBJECT ADDED ENTRY--TOPICAL TERM
Topical term or geographic name entry element TEACHERS--PSYCHOLOGY
700 ## - ADDED ENTRY--PERSONAL NAME
Personal name Stilwell, William E
995 ## -
-- MAIN LIBRARY OPEN ACCESS
-- 0.00
-- 713126
-- CBU-MAIN LIBRARY (Kitwe)
-- 2
-- 23.95
-- LB 1033 Wor
-- 1
-- AVAILABLE
-- 009666
-- Main Library Open Access Collection
995 ## -
-- BINDERY (DAMAGED)
-- 0.00
-- 713395
-- CBU-MAIN LIBRARY (Kitwe)
-- 4
-- 23.95
-- LB 1033 Wor
-- 2
-- DAMAGED
-- 009668
-- Main Library Open Access Collection
995 ## -
-- ANNEX COLLECTION (Main Library)
-- 0.00
-- 713396
-- CBU-MAIN LIBRARY (Kitwe)
-- 3
-- 23.95
-- LB 1033 Wor
-- 4
-- AVAILABLE
-- 009667
-- Annex Low-Usage Collection
995 ## -
-- ANNEX COLLECTION (Main Library)
-- 0.00
-- 723167
-- CBU-MAIN LIBRARY (Kitwe)
-- 1
-- 23.95
-- LB 1033 Wor
-- 3
-- AVAILABLE
-- 009665
-- Main Library Open Access Collection
999 ## -
-- 77125
-- 77125
Holdings
Withdrawn status Lost status Source of classification or shelving scheme Damaged status Not for loan Permanent Location Current Location Shelving location Date acquired Total Checkouts Full call number Barcode Date last seen Copy number Price effective from Koha item type
          CBU-MAIN LIBRARY, KITWE. CBU-MAIN LIBRARY, KITWE.   04/25/2023   LB 1033 Wor 009666 04/25/2023 1 04/25/2023 MONOGRAPH
          CBU-MAIN LIBRARY, KITWE. CBU-MAIN LIBRARY, KITWE.   04/25/2023   LB 1033 Wor 009668 04/25/2023 2 04/25/2023 MONOGRAPH
          CBU-MAIN LIBRARY, KITWE. CBU-MAIN LIBRARY, KITWE.   04/25/2023   LB 1033 Wor 009667 04/25/2023 3 04/25/2023 MONOGRAPH
          CBU-MAIN LIBRARY, KITWE. CBU-MAIN LIBRARY, KITWE.   04/25/2023   LB 1033 Wor 009665 04/25/2023 4 04/25/2023 MONOGRAPH